|
|
|
|
| LEADER |
00000nam0a2200000 4500 |
| 001 |
347955 |
| 005 |
20231102010044.0 |
| 035 |
|
|
|a (RuTPU)RU\TPU\book\379911
|
| 090 |
|
|
|a 347955
|
| 100 |
|
|
|a 20220901d2022 k y0rusy50 ca
|
| 101 |
0 |
|
|a rus
|
| 102 |
|
|
|a RU
|
| 105 |
|
|
|a y dm 001zy
|
| 200 |
1 |
|
|a Историко-геологический анализ процессов формирования скоплений углеводородов в северо-восточной части Западно-Сибирского мегабассейна
|e автореферат диссертации на соискание ученой степени кандидата геолого-минералогических наук
|e спец. 25.00.12
|f А. А. Дешин
|g Российская академия наук, Сибирское отделение, Институт нефтегазовой геологии и геофизики им. А. А. Трофимука ; науч. рук. Л. М. Бурштейн
|
| 210 |
|
|
|a Новосибирск
|c [Б. и.]
|d 2022
|
| 215 |
|
|
|a 20 с.
|
| 300 |
|
|
|a Защита сост. 13.09.2022 г.
|
| 320 |
|
|
|a Библиогр.: с. 18-20 (12 назв.)
|
| 606 |
1 |
|
|a Нефтегазовые месторождения
|x Геология
|y Западная Сибирь
|2 stltpush
|3 (RuTPU)RU\TPU\subj\69234
|9 84201
|
| 610 |
1 |
|
|a нефтегазообразования
|
| 610 |
1 |
|
|a Гымыльский очаг
|
| 610 |
1 |
|
|a геологическое строение
|
| 610 |
1 |
|
|a осадочные бассейны
|
| 610 |
1 |
|
|a углеводороды
|
| 610 |
1 |
|
|a генерация
|
| 610 |
1 |
|
|a моделирование
|
| 610 |
1 |
|
|a трехмерное моделирование
|
| 610 |
1 |
|
|a авторефераты диссертаций
|
| 675 |
|
|
|a 553.98(571.1)(04)
|v 4
|
| 686 |
|
|
|a 25.00.12
|2 oksvnk
|
| 700 |
|
1 |
|a Дешин
|b А. А.
|g Алексей Андреевич
|
| 702 |
|
1 |
|a Бурштейн
|b Л. М.
|g Лев Маркович
|4 727
|
| 712 |
0 |
2 |
|a Российская академия наук
|b Сибирское отделение
|b Институт нефтегазовой геологии и геофизики им. А. А. Трофимука
|c (Новосибирск)
|c (2005- )
|2 stltpush
|3 (RuTPU)RU\TPU\col\11894
|9 25283
|
| 801 |
|
1 |
|a RU
|b 63413507
|c 20220901
|
| 801 |
|
2 |
|a RU
|b 63413507
|c 20221012
|g RCR
|
| 942 |
|
|
|c BK
|